|
|
|
|
| LEADER |
01066nam a22002891 4500 |
| 001 |
1226 |
| 003 |
BD-DhAAL |
| 005 |
20141222164223.0 |
| 008 |
141222s1972 njua b 000 0 eng |
| 010 |
|
|
|a 76039060
|
| 020 |
|
|
|a 0136866182
|
| 020 |
|
|
|a 013686600X (pbk.)
|
| 040 |
|
|
|a DLC
|c DLC
|d DLC
|d BD-DhAAL
|
| 050 |
0 |
0 |
|a HB871
|b .H35
|
| 082 |
0 |
0 |
|a 301.32
|2 22
|
| 100 |
1 |
|
|a Hartley, Shirley Foster.
|9 6967
|
| 245 |
1 |
0 |
|a Population quantity vs. quality;
|b a sociological examination of the causes and consequences of the population explosion.
|
| 260 |
|
|
|a Englewood Cliffs, N.J.,
|b Prentice-Hall
|c 1972
|
| 300 |
|
|
|a viii, 343 p.
|b illus.
|c 24 cm.
|
| 490 |
0 |
|
|a Prentice-Hall sociology series
|
| 504 |
|
|
|a Bibliography: p. 332-336.
|
| 541 |
|
|
|e 1226
|
| 650 |
|
0 |
|a Overpopulation.
|9 6968
|
| 650 |
|
0 |
|a Overpopulation
|z Developing countries.
|9 6969
|
| 942 |
|
|
|2 ddc
|c BK
|
| 999 |
|
|
|c 33344
|d 33344
|
| 952 |
|
|
|0 0
|1 0
|2 ddc
|4 0
|6 301_320000000000000_HAR
|7 0
|9 44536
|a BRACUL
|b BRACUL
|c GEN
|d 2014-12-22
|g 0.00
|l 0
|o 301.32 HAR
|p 3010001226
|r 2014-12-22
|t 1
|w 2014-12-22
|y BK
|z Not price in Register
|